000 01241nam a2200301 i 4500
001 179067
003 ES-MaACL
005 20240129115658.0
008 110826s2009 sp acop |||| |dspa d
020 _a978-84-92827-11-4
020 _a978-84-95078-72-8
020 _a978-84-8266-936-6
080 _a821.134.2"19"(060.64)
245 0 3 _aLa generación del 27
_b: ¿aquel momento ya es una leyenda? /
_cedición de Andrés Soria Olmedo.
260 _aMadrid :
_bSociedad Estatal de Conmemoraciones Culturales :
_bResidencia de Estudiantes ;
_aSevilla :
_bJunta de Andalucía,
_c[2009]
300 _a290 p. :
_bil. col. y n., fot. ;
_c24 cm.
500 _aÍndice onomástico.
504 _aReferencias bibliográficas.
650 _aGeneración del 27 (Literatura)-
_vExposiciones.
_9147781
655 7 _2tgfbne
_9193628
_aCatálogos de exposiciones
700 1 _aSoria Olmedo, Andrés.
_9107368
710 2 _aSociedad Estatal de Conmemoraciones Culturales (España)
_9134893
710 2 _aResidencia de Estudiantes (Madrid)
_96437
710 1 _aAndalucía.
_bJunta.
_91396
852 1 _aBA
_9185936
_jA-11456
_bR.146350
_dOlim: N-4460
_cDEPO1
942 _2udc
_cMONOGRAFIA
999 _c179067
_d179067